Seminario nacional: El imperialismo norteamericano contemporáneo.Tomo 1

Spremljeno u:
Bibliografski detalji
Autor kompanije: Centro de Estudios sobre América
Format: Tekst
Izdano: s.l.: Centro de Estudios Sobre América
Oznake: Dodaj oznaku
Bez oznaka, Budi prvi tko označuje ovaj zapis!

MARC

LEADER 00000 a a2200000 04500
001 24508
003
040
090 |a 172300  
110 |a Centro de Estudios sobre América  
245 |a Seminario nacional: El imperialismo norteamericano contemporáneo.Tomo 1  
260 |a s.l.:   |b Centro de Estudios Sobre América  
300 |a 229 p.; Tomo I  
999 |c 15767  |d 15767